[Event "BIH-chT1A 22nd"]
[Site "Tuzla"]
[Date "2015.10.20"]
[Round "7.4"]
[White "Imamovic, Smail"]
[Black "Petrovic, Sasa"]
[Result "1/2-1/2"]
[WhiteElo "1972"]
[BlackElo "2225"]
[PlyCount "87"]
[EventDate "2015.10.16"]
[EventType "tourn"]
[EventRounds "9"]
[EventCountry "BIH"]
[SourceTitle "CBM 169 Extra"]
[Source "ChessBase"]
[SourceDate "2015.12.18"]
[SourceVersion "1"]
[SourceVersionDate "2015.12.18"]
[SourceQuality "1"]

1. e4 Nf6 2. Nc3 d5 3. e5 Ne4 4. d4 Bf5 5. Bb5+ c6 6. Bd3 Nxc3 7. bxc3 Bxd3 8. cxd3 e6 9. a4 c5 10. Ne2 Nc6 11. Rb1 cxd4 12. cxd4 Bb4+ 13. Bd2 Bxd2+ 14. Qxd2 Qd7 15. 0-0 0-0 16. a5 Rac8 17. Rb2 Rc7 18. Rfb1 Rfc8 19. h3 Nd8 20. Ng3 Qe7 21. Kh2 Qh4 22. f4 g6 23. Rf1 Rc6 24. Ne2 f5 25. Rf3 Qe7 26. Rf1 Qc7 27. Qb4 Kf7 28. Rfb1 Qe7 29. Qb5 Rc2 30. Qb3 Rxb2 31. Rxb2 Qc7 32. Qb4 Qe7 33. Qb5 Rc6 34. Rb3 g5 35. g3 gxf4 36. Nxf4 Rc2+ 37. Kg1 Qc7 38. Kf1 Qc6 39. Qb4 Ke8 40. Ne2 Qc7 41. Qb5+ Qd7 42. Qb4 Qe7 43. Qa4+ Qd7 44. Qb4 1/2-1/2

[Event "BIH-chT1A 22nd"]
[Site "Tuzla"]
[Date "2015.10.18"]
[Round "4.4"]
[White "Petrovic, Sasa"]
[Black "Burovic, Ismet"]
[Result "1/2-1/2"]
[WhiteElo "2225"]
[BlackElo "2324"]
[PlyCount "77"]
[EventDate "2015.10.16"]
[EventType "tourn"]
[EventRounds "9"]
[EventCountry "BIH"]
[SourceTitle "CBM 169 Extra"]
[Source "ChessBase"]
[SourceDate "2015.12.18"]
[SourceVersion "1"]
[SourceVersionDate "2015.12.18"]
[SourceQuality "1"]

1. d4 Nf6 2. c4 g6 3. Nc3 Bg7 4. Nf3 0-0 5. Bg5 h6 6. Bh4 c5 7. e3 cxd4 8. Nxd4 Nc6 9. Qd2 d6 10. Be2 Bd7 11. 0-0 Rc8 12. Rac1 Qa5 13. Rfd1 g5 14. Bg3 Rfd8 15. b3 a6 16. f3 b5 17. Nxc6 Bxc6 18. Nd5 Qxd2 19. Nxf6+ Bxf6 20. Rxd2 b4 21. Rdc2 a5 22. Be1 Ra8 23. e4 Bd4+ 24. Bf2 Bc5 25. Rd1 Rdc8 26. Bxc5 dxc5 27. Rd3 Kf8 28. Rcd2 Ke8 29. Kf2 Rd8 30. Rxd8+ Rxd8 31. Rxd8+ Kxd8 32. Ke3 Kd7 33. Kf2 Kd8 34. Bd1 Kd7 35. Ke3 Ke6 36. g3 Kd6 37. f4 gxf4+ 38. gxf4 e5 39. f5 1/2-1/2

[Event "Bihac-chT1"]
[Site "Bihac"]
[Date "2014.08.24"]
[Round "3"]
[White "Petrovic, Sasa"]
[Black "Hadzipasic, Emir"]
[Result "1-0"]
[WhiteElo "2216"]
[BlackElo "2027"]
[PlyCount "85"]
[EventDate "2014.08.23"]
[EventType "swiss"]
[EventRounds "9"]
[EventCountry "BIH"]
[SourceTitle "EXT 2015"]
[Source "ChessBase"]
[SourceDate "2014.11.20"]
[SourceVersion "1"]
[SourceVersionDate "2014.11.20"]
[SourceQuality "1"]

1. e4 e5 2. Nf3 Nc6 3. Bb5 a6 4. Bxc6 dxc6 5. 0-0 Bg4 6. h3 Bxf3 7. Qxf3 Bc5 8. Qg3 Qf6 9. d3 h6 10. Be3 Bb6 11. Nc3 Ne7 12. Bxb6 cxb6 13. f4 exf4 14. Rxf4 Qd4+ 15. Qf2 Qxf2+ 16. Rxf2 b5 17. Raf1 f6 18. Ne2 0-0-0 19. Nf4 Rd6 20. Rf3 h5 21. h4 Rh6 22. Rg3 g6 23. Kf2 c5 24. Ke3 b4 25. c3 bxc3 26. bxc3 b5 27. Rd1 a5 28. d4 Kb7 29. Rb1 cxd4+ 30. cxd4 Ka6 31. Rc1 Kb6 32. d5 b4 33. Kd4 Rd7 34. a3 Rh8 35. Rc4 bxa3 36. Rb3+ Ka7 37. Rxa3 g5 38. hxg5 fxg5 39. Rxa5+ Kb6 40. Ra2 gxf4 41. Rb2+ Ka5 42. Rc1 Nc6+ 43. Kc5 1-0

[Event "BIH-chT2"]
[Site "Tuzla"]
[Date "2010.07.21"]
[Round "5"]
[White "Petrovic, Sasa"]
[Black "Hadzovic, Amir"]
[Result "1/2-1/2"]
[WhiteElo "2222"]
[BlackElo "2083"]
[PlyCount "119"]
[EventDate "2010.07.18"]
[EventType "team-swiss"]
[EventRounds "9"]
[EventCountry "BIH"]
[SourceTitle "CBM 137 Extra"]
[Source "ChessBase"]
[SourceDate "2010.09.01"]
[SourceVersion "1"]
[SourceVersionDate "2010.09.01"]
[SourceQuality "1"]

1. e4 e5 2. Nf3 Nc6 3. Bb5 Nge7 4. c3 g6 5. d4 exd4 6. cxd4 Bg7 7. Nc3 0-0 8. d5 a6 9. Be2 Nb8 10. d6 cxd6 11. Qxd6 Nbc6 12. 0-0 b5 13. Bg5 f6 14. Bf4 g5 15. Be3 Ng6 16. Nd5 Rf7 17. Rac1 Bb7 18. a4 Bf8 19. Qg3 Nge7 20. Bb6 Qc8 21. axb5 axb5 22. Bxb5 Ba6 23. Bxa6 Rxa6 24. Bd4 Bg7 25. Rfd1 Qb7 26. Bc3 Nxd5 27. Rxd5 Nb4 28. Rd6 Na2 29. Re1 Nxc3 30. bxc3 Ra3 31. h4 Rxc3 32. hxg5 fxg5 33. Qxg5 Qc7 34. Red1 Kf8 35. Qd5 Qc4 36. Qa8+ Qc8 37. Qa7 Rc1 38. Ng5 Be5 39. R6d3 Rxd1+ 40. Rxd1 Rg7 41. Nf3 d6 42. Qa4 Qg4 43. Ne1 h5 44. Rb1 Kg8 45. Qb3+ Kh7 46. Qf3 Qg6 47. Rb3 Rf7 48. Qh3 Kh6 49. Nf3 Qxe4 50. Nxe5 Qe1+ 51. Kh2 Qxe5+ 52. Kg1 Qe1+ 53. Kh2 Qxf2 54. Rd3 Qf4+ 55. Qg3 Qxg3+ 56. Kxg3 Rf6 57. Rd5 Kg6 58. Kh4 Rf4+ 59. Kh3 Rf6 60. Kh4 1/2-1/2

[Event "BIH-chT2"]
[Site "Neum"]
[Date "2008.08.26"]
[Round "5.3"]
[White "Kadusic, Jasmin"]
[Black "Petrovic, Sasa"]
[Result "0-1"]
[WhiteElo "1974"]
[BlackElo "2230"]
[PlyCount "38"]
[EventDate "2008.08.23"]
[EventType "team"]
[EventRounds "9"]
[EventCountry "BIH"]
[SourceTitle "CBM 126 Extra"]
[Source "ChessBase"]
[SourceDate "2008.11.05"]
[SourceVersion "1"]
[SourceVersionDate "2008.11.05"]
[SourceQuality "1"]

1. e4 e5 2. Nf3 Nc6 3. Bb5 a6 4. Ba4 d6 5. h3 Be7 6. c3 Nf6 7. Bc2 d5 8. exd5 Qxd5 9. Bb3 Qd6 10. Bc2 e4 11. Nh2 Ne5 12. b3 Bf5 13. g4 Bg6 14. Ba3 c5 15. c4 h5 16. g5 Nfd7 17. h4 Nd3+ 18. Bxd3 exd3 19. Qf3 Qe5+ 0-1

[Event "BIH-chT2"]
[Site "Neum"]
[Date "2005.08.26"]
[Round "9"]
[White "Petrovic, Sasa"]
[Black "Miljanic, Boro"]
[Result "1-0"]
[WhiteElo "2162"]
[BlackElo "2435"]
[PlyCount "93"]
[EventDate "2005.08.20"]
[EventType "team"]
[EventRounds "9"]
[EventCountry "BIH"]
[SourceTitle "EXT 2007"]
[Source "ChessBase"]
[SourceDate "2006.11.23"]
[SourceVersion "1"]
[SourceVersionDate "2006.11.23"]
[SourceQuality "1"]

1. e4 e6 2. d4 d5 3. Nc3 Nf6 4. e5 Nfd7 5. f4 c5 6. Nf3 Nc6 7. Be3 a6 8. Qd2 cxd4 9. Nxd4 Bc5 10. Qf2 Bxd4 11. Bxd4 b5 12. Bd3 Nxd4 13. Qxd4 Qb6 14. Ne2 Ke7 15. Qb4+ Qc5 16. Qxc5+ Nxc5 17. Kd2 Bd7 18. Nd4 f6 19. Rae1 fxe5 20. Rxe5 Raf8 21. g3 Kd6 22. Rhe1 Rf6 23. Rg5 g6 24. h4 Be8 25. Rge5 Bf7 26. Nf3 h6 27. Nh2 Nxd3 28. cxd3 Rf5 29. Nf3 Rxe5 30. fxe5+ Kd7 31. Rf1 g5 32. hxg5 hxg5 33. Nxg5 Rh2+ 34. Ke3 Bh5 35. Rf6 Re2+ 36. Kd4 Rxb2 37. Nxe6 Rxa2 38. Nc5+ Ke7 39. Rxa6 Rg2 40. Ra7+ Ke8 41. Kxd5 Rxg3 42. d4 Rg4 43. Ne6 Bf7 44. Kd6 Bxe6 45. Kxe6 Rg6+ 46. Kd5 b4 47. Rb7 1-0

[Event "BIH-chT2"]
[Site "Neum"]
[Date "2005.08.25"]
[Round "8"]
[White "Leventic, Ivan"]
[Black "Petrovic, Sasa"]
[Result "1-0"]
[WhiteElo "2490"]
[BlackElo "2162"]
[PlyCount "48"]
[EventDate "2005.08.20"]
[EventType "team"]
[EventRounds "9"]
[EventCountry "BIH"]
[SourceTitle "EXT 2007"]
[Source "ChessBase"]
[SourceDate "2006.11.23"]
[SourceVersion "1"]
[SourceVersionDate "2006.11.23"]
[SourceQuality "1"]

1. e4 e5 2. Nf3 Nc6 3. Bb5 a6 4. Ba4 Nf6 5. d4 exd4 6. 0-0 Be7 7. e5 Ne4 8. Nxd4 Nxd4 9. Qxd4 Nc5 10. Nc3 0-0 11. Bg5 Bxg5 12. Qxc5 Be7 13. Qe3 c5 14. Bb3 b5 15. Bd5 Rb8 16. Rfd1 c4 17. Re1 Qb6 18. Qg3 Bb4 19. Be4 Bxc3 20. Qxc3 Qc5 21. Bd5 Qc7 22. Qh3 g6 23. Qh6 Rb6 24. Qd2 Rf6 1-0

[Event "Serbia-chT"]
[Site "Jahorina"]
[Date "2001.08.11"]
[Round "1"]
[White "Gavric, Miladin"]
[Black "Petrovic, Sasa"]
[Result "1-0"]
[WhiteElo "2392"]
[BlackElo "2160"]
[PlyCount "69"]
[EventDate "2001.08.11"]
[EventType "team"]
[EventRounds "9"]
[EventCountry "YUG"]
[SourceTitle "EXT 2002"]
[Source "ChessBase"]
[SourceDate "2001.11.25"]
[SourceVersion "1"]
[SourceVersionDate "2001.11.25"]
[SourceQuality "1"]

1. e4 Nf6 2. e5 Nd5 3. d4 d6 4. Nf3 g6 5. Bc4 Nb6 6. Bb3 Bg7 7. Ng5 d5 8. f4 f6 9. Nf3 Nc6 10. c3 0-0 11. 0-0 fxe5 12. fxe5 Bg4 13. Nbd2 Na5 14. h3 Nxb3 15. Nxb3 Bxf3 16. Rxf3 Nd7 17. Bf4 e6 18. Qd2 Qe8 19. Raf1 b6 20. Nc1 c5 21. Nd3 Rf5 22. Nf2 Qe7 23. g4 Rff8 24. Kg2 cxd4 25. cxd4 Rac8 26. Bg5 Qe8 27. Nd1 Rxf3 28. Rxf3 Rc4 29. Ne3 Rc6 30. Qd3 Bxe5 31. dxe5 Nxe5 32. Nxd5 exd5 33. Qxd5+ Re6 34. Re3 Kf7 35. Rxe5 1-0